Statistiques concernant L'an 1850

Cliquez ici pour prendre le quiz!

Statistiques générales

  • Ce quiz a été pris 11 fois
  • Le résultat moyen est 3 sur 10

Statistiques - réponses

IndicesRéponses% Correct
24 mars: Le docteur Heinrich Barth commence une expédition à travers ce désertSahara
78%
Inconnu: Je peins "un enterrement à Ornans"Gustave Courbet
67%
29 janvier: Suite au grand compromis, des Etats du sud font le vœu à Nashville de faire cet acteSécession
33%
2 juillet: La loi Grammont est la première loi les protégeantAnimaux domestiques
22%
17 août: Au Ghana le Royaume-Uni achète les forts appartenant à cet Etat d'EuropeDanemark
22%
15 mars: Loi sur l'enseignement qui place l'université sous le contrôle de l'Eglise. Connue sous le nom du ministre qui l'a rédigéeLoi Falloux
11%
28 mai: Début de cette querelle entre la France et la Russie (sur fond de protection des chrétiens d'orient) qui donnera lieu à la guerre de CriméeQuerelle des Lieux saints
11%
Décembre: Massacre de soldats par la milice de Hong Xiuqan, début de la grande révolte des ...Taïping
11%
20 mars: Une assemblée à lieu dans cette ville pour préparer une constitution commune à l'AllemagneErfurt
0%
Début octobre: La Bavière intervient dans les affaires de cet Etat allemand, ce qui provoque l'ire de la PrusseHesse-Cassel
0%

Distribution des résultats

Percentile par nombre de réponses

% des personnes avec chaque résultat

Votre développement - résultats

Vous n’avez pas pris ce quiz